000 00831nam a22001817a 4500
003 UA-OsUOA
001 18236
007 ta
008 20040425b un ||||| |||| 00| 0 ukr d
100 _aНикитюк В.
942 _cSA
040 _aUA-OsUOA
_cUA-OsUOA
_dUA-OsUOA
245 _aАмерика зблизька: [Дубен. міськ. голова В. Никитюк провів прес-конференцію для представників ЗМІ за результатами поїздки у США у рамках реалізації проекту "Партнерство громад" Фундації Україна-США]
300 _aС.2
955 _a0
773 0 _w0
_tВісник Дубенщини
_dДубно
_d2004
_g№29/30/8 квіт./
650 7 _aКраєзнавча робота
_2UDC
999 _c304406
_d304406